000 00652cab a2200229 4500
001 WB3236-46
008 090401t1996 xxu||||| |||| 00| 0 eng d
035 _a(Sirsi) u8127
041 _aeng
245 _aPenury from the waterways
260 _c1996
350 _a0
490 _aFinancial Times
_v21 September 1996, 4(1)
520 _aBritish Waterways warns that the two thousand mile canal network will collaspe unless it gets state help for urgent repairs.
650 _aBRITISH WATERWAYS
650 _aCANALS
650 _aFUNDING
650 _aREPAIRS
690 _aTRANSPORT AND COMMUNICATIONS
942 _n0
948 _c04/03/1997
999 _c4960
_d4960